000 00425 a2200145 4500
999 _c8514
_d8514
020 _a9781899999743
050 _aPS 3569 PEE 1988
100 _aPeel Naomi
_eauthor
245 _aHearing voices :
_bLitro anthology of new fiction
_cNaomi Peel
264 _aLondon :
_bKingston University press,
_c1988.
300 _a161p.:
500 _aincludes table of contents.
650 _ashort stories.
942 _2lcc
_cBK
_h3569
_iPEE
_kPS